Delitos de atentado contra la autoridad, sus agentes y los funcionarios pb︢licos y de resistencia y desobediencia

Detalles Bibliográficos
Autor principal: Lorente Velasco, Susana M®
Formato: eBook
Lenguaje:español
Publicado: Madrid : Dykinson, 2011
Materias:
Acceso en línea:Acceso restringido

MARC

LEADER 00000nam a22000007a 4500
005 2012042001001.0
007 cr|||| ||||
008 120420s2011 sp |||||s|||| 00||0 spa d
020 |a 978-84-15455-05-9 
035 |a 6307 
040 |a vLex 
090 |c 3128  |d 3128 
100 1 |a Lorente Velasco, Susana M® 
245 1 0 |a Delitos de atentado contra la autoridad, sus agentes y los funcionarios pb︢licos y de resistencia y desobediencia  |h [Recurso electrn̤ico] /  |c Susana M® Lorente Velasco  
256 |a Servicio en ln̕ea 
260 |a Madrid :  |b Dykinson,  |c 2011 
300 |a 1 recurso electrn̤ico 
506 1 |a Contenido solo disponible en los productos indicados  |d vLex Global   |d vLex Global (Academic Edition, excluding Law Schools)   |d vLex Global (U.S. Academic Edition, Law Schools)   |d vLex Global (U.S. Academic Edition, excluding Law Schools)   |d vLex Global (Academic Edition, Law Schools)  
650 0 4 |a Atentados contra la autoridad 
650 0 4 |a Policia 
740 0 4 |a vLex Libros (Servicio en ln̕ea) 
856 4 0 |u http://vlex.com/source/delitos-atentado-autoridad-agentes-funcionarios-publicos-resistencia-desobediencia-6307  |z Acceso restringido 
942 |c BOOK 
999 0 |a Police